000 00363pab a2200145 454500
008 180718b2006 xxu||||| |||| 00| 0 eng d
100 _aAthawale, Yogesh B.
245 _aImage of the armed forces - arresting negative trends
260 _c2006
300 _ap.208-19.
362 _aApr-Jun
650 _aArmed forces
773 _aUSI Journal
909 _a70596
999 _c70596
_d70596